Territory Flag Quiz and Not Recognized Countries Flags - Statistics

General Stats
  • This quiz has been taken 179 times
    164 since last reset
  • The average score is 32 of 48
Answer Stats
Picture Answer % Correct
Puerto Rico
100%
Guam
93%
American Samoa
89%
Christmas Island
88%
Us Virgin Islands
88%
Greenland
85%
Scotland
84%
Aruba
83%
Faroe Islands
83%
Hong Kong
82%
Wales
82%
Norfolk Island
80%
England
79%
Isle Of Man
79%
Palestine
79%
Niue
78%
Bermuda
77%
Gibraltar
74%
Macau
74%
Cook Islands
73%
Curacao
73%
Guernsey
71%
Jersey
71%
Northern Mariana Islands
71%
Tokelau
71%
French Polynesia
70%
Anguilla
68%
British Virgin Islands
64%
Falkland Islands
63%
Somaliland
63%
Montserrat
61%
Cayman Islands
60%
British Indian Ocean Territory
59%
Saint Helena
59%
Aland Islands
58%
Northern Cyprus
58%
Turks And Caicos Islands
57%
Sint Maarten
53%
Abkhazia
49%
Pitcairn Islands
48%
Transnistria
47%
Tristan Da Cunha
43%
Ascension Island
42%
South Ossetia
42%
South Georgia And The South Sandwich Islands
39%
Cocos Keeling Islands
37%
Crimea
35%
Sahrawi Arab Democratic Republic
20%
No matching quizzes found
Score Distribution
Percent of People with Each Score
Percentile by Number Answered
Your Score History
You have not taken this quiz since the last reset